<?xml version="1.0" encoding="UTF-8"?>
<marc:record xmlns:marc="http://www.loc.gov/MARC21/slim">
   <marc:leader>00000nam a2200000 a 4500</marc:leader>
   <marc:datafield ind1="1" ind2=" " tag="100">
      <marc:subfield code="a">Geschwindner, Holger</marc:subfield>
      <marc:subfield code="4">aut</marc:subfield>
      <marc:subfield code="e">Verfasser/-in</marc:subfield>
   </marc:datafield>
   <marc:datafield ind1=" " ind2=" " tag="653">
      <marc:subfield code="a">Nowitzki</marc:subfield>
   </marc:datafield>
   <marc:datafield ind1=" " ind2=" " tag="653">
      <marc:subfield code="a">Dirk</marc:subfield>
   </marc:datafield>
   <marc:datafield ind1=" " ind2=" " tag="653">
      <marc:subfield code="a">Basketball</marc:subfield>
   </marc:datafield>
   <marc:datafield ind1=" " ind2=" " tag="653">
      <marc:subfield code="a">Training</marc:subfield>
   </marc:datafield>
   <marc:datafield ind1=" " ind2=" " tag="653">
      <marc:subfield code="a">Sport</marc:subfield>
   </marc:datafield>
   <marc:datafield ind1=" " ind2=" " tag="653">
      <marc:subfield code="a">Biografie</marc:subfield>
   </marc:datafield>
   <marc:datafield ind1=" " ind2=" " tag="653">
      <marc:subfield code="a">Dreamteam</marc:subfield>
   </marc:datafield>
   <marc:datafield ind1=" " ind2=" " tag="653">
      <marc:subfield code="a">NBA</marc:subfield>
   </marc:datafield>
   <marc:datafield ind1=" " ind2=" " tag="653">
      <marc:subfield code="a">Dallas Mavericks</marc:subfield>
   </marc:datafield>
   <marc:datafield ind1=" " ind2=" " tag="653">
      <marc:subfield code="a">Weltstar</marc:subfield>
   </marc:datafield>
   <marc:datafield ind1=" " ind2=" " tag="653">
      <marc:subfield code="a">Sportler des Jahres 2011</marc:subfield>
   </marc:datafield>
   <marc:datafield ind1=" " ind2=" " tag="653">
      <marc:subfield code="a">Softcover / Ratgeber/Sport</marc:subfield>
   </marc:datafield>
   <marc:datafield ind1=" " ind2=" " tag="653">
      <marc:subfield code="a">9</marc:subfield>
   </marc:datafield>
   <marc:datafield ind1=" " ind2=" " tag="653">
      <marc:subfield code="a">Erlebnisbericht</marc:subfield>
   </marc:datafield>
   <marc:datafield ind1="0" ind2="0" tag="245">
      <marc:subfield code="a">Nowitzki</marc:subfield>
   </marc:datafield>
   <marc:datafield ind1="0" ind2="0" tag="245">
      <marc:subfield code="b">die Geschichte</marc:subfield>
   </marc:datafield>
   <marc:datafield ind1="0" ind2="0" tag="245">
      <marc:subfield code="c">Holger Geschwindner</marc:subfield>
   </marc:datafield>
   <marc:datafield ind1=" " ind2="1" tag="264">
      <marc:subfield code="a">Hamburg</marc:subfield>
      <marc:subfield code="b">Murmann</marc:subfield>
      <marc:subfield code="c">2012</marc:subfield>
   </marc:datafield>
   <marc:datafield ind1="1" ind2=" " tag="520">
      <marc:subfield code="a">Angaben aus der Verlagsmeldung

Nowitzki : Die Geschichte / von Holger Geschwindner

Eine Geschichte wie ein Hollywood-Film: Zwei Perfektionisten treffen sich zufällig am Rande eines Basketballspiels: Holger Geschwindner, Ex-Nationalspieler, und der 16-jährige Dirk Nowitzki. Es entsteht eine geniale Verbindung. Sie revolutionieren den deutschen Basketballsport. Ihre Trainings-und Lernmethoden sind neu und hoch ambitioniert. Die NBA ist ihr gemeinsames Ziel. Geschwindner formt aus dem Teenager einen neuen Basketball-Spielertyp. Dirk wird auf allen Positionen ausgebildet. Und kann überall eingesetzt werden. Und wie erzählt der unorthodoxe Trainer diese einmalige Geschichte? Holger Geschwindner erzählt sie nicht brav als Aneinanderreihung von Ereignissen und Erfolgen. Nicht, wie vordergründig zu erwarten, als Anekdotenflut. Dieses Buch betritt biografisches Neuland. Es spricht über Werkzeuge und Methoden, es spricht über Theorie und Praxis, es spricht über den Weg, nicht nur ein einzigartiger Sportler zu werden. Sondern auch eine Persönlichkeit, die mehr kann als Körbe werfen und die Arme hochreißen. Eine Persönlichkeit, die heranreift, die wächst und lernt. Der Coach sorgt für die `Breitbandbildung´ des jungen Sportlers, gibt ihm anspruchsvolle Bücher zu lesen und lässt ihn Saxophon lernen. Damit der Junge sein Talent als Aufgabe begreift. Und die Grenzen des Möglichen erreicht. Zusammen mit dem Mann aus einem alten Schloss am Rande der Fränkischen Schweiz. Eine einzigartige Geschichte.
</marc:subfield>
   </marc:datafield>
   <marc:datafield ind1=" " ind2=" " tag="020">
      <marc:subfield code="a">9783867742122</marc:subfield>
      <marc:subfield code="9">9783867742122</marc:subfield>
   </marc:datafield>
   <marc:datafield ind1=" " ind2=" " tag="020">
      <marc:subfield code="a">386774212X</marc:subfield>
      <marc:subfield code="9">386774212X</marc:subfield>
   </marc:datafield>
   <marc:datafield ind1=" " ind2=" " tag="041">
      <marc:subfield code="a">ger</marc:subfield>
   </marc:datafield>
   <marc:datafield ind1=" " ind2=" " tag="300">
      <marc:subfield code="a">168 S.</marc:subfield>
   </marc:datafield>
</marc:record>
